000 00594nam a2200217 a 4500
999 _c4780
_d4780
001 4780
003 BD-JhCC
005 20171203171014.0
008 171203s1959 newa|||| |||| 001 0 eng d
035 _a(BD-JhCC)
040 _aBD-JhCC
_dBD-JhCC
041 _aeng
082 _a915
_bHAQ 1959
100 _aHaque, A.F.M. Mohsenul
245 _aMemoirs of the geological survey of pakistan /
_cA.F.M. Mohsenul Haque
260 _aNew York :
_bGoverment of pakistan press,
_c1959
300 _a150p. :
_bill. ;
_c24cm.
650 _aGeography
_z Pakistan
942 _2ddc
_cBK